[Event "NB2 Asztalos csoport"]
[Site "Kalocsa"]
[Date "2024.11.03"]
[Round "1.2"]
[White "Molnar, Krisztian"]
[Black "Kiss, Lajos"]
[Result "0-1"]
[WhiteElo "1988"]
[BlackElo "2147"]
[PlyCount "118"]
[EventDate "2024.11.03"]
[EventType "team-tourn"]
[EventRounds "9"]
[EventCountry "HUN"]
[Source "chess.hu"]
[SourceDate "2024.11.04"]
[WhiteTeam "Kalocsai SK"]
[BlackTeam "Decs 1990"]
[WhiteTeamCountry "HUN"]
[BlackTeamCountry "HUN"]

1. Nf3 d5 2. d4 Nf6 3. c4 e6 4. Nc3 a6 5. cxd5 exd5 6. Bf4 Bd6 7. e3 Bxf4 8.
exf4 Bg4 9. Be2 O-O 10. Ne5 Bxe2 11. Qxe2 c5 12. dxc5 Nc6 13. O-O Qa5 14. Rac1
Qxc5 15. Rfd1 Qd6 16. Ne4 Nxe4 17. Qxe4 Rad8 18. Qd3 Nxe5 19. fxe5 Qxe5 20. b3
Rd7 21. Rc5 Rfd8 22. g3 g6 23. f3 h5 24. Kf2 Qe6 25. Rdc1 Re7 26. R5c2 Qb6+ 27.
Kg2 Re3 28. Qd1 Qf6 29. Rc8 d4 30. Kf2 Re6 31. R1c4 Rxc8 32. Rxc8+ Kg7 33. Rc4
Rd6 34. Qd3 b5 35. Rc2 h4 36. Rd2 hxg3+ 37. hxg3 Qe6 38. Kg2 Qd5 39. Kf2 f5 40.
Re2 Rd7 41. Re1 Qc5 42. Rd1 Kf6 43. Rd2 Rd6 44. Rc2 Qb4 45. f4 Re6 46. Rd2 Re4
47. Qc2 Qc3 48. Qd3 Ke6 49. Rd1 Qxd3 50. Rxd3 Kd5 51. a3 Re7 52. Rd2 Re3 53.
Rb2 Ke4 54. a4 b4 55. a5 Rf3+ 56. Kg2 Rc3 57. Kf2 Kd3 58. Rb1 Kc2 59. Re1 d3
0-1

[Event "NB2 Asztalos csoport"]
[Site "Kalocsa"]
[Date "2024.11.03"]
[Round "1.3"]
[White "Nagybiro, Laszlo"]
[Black "Ruppaner, Janos"]
[Result "1-0"]
[WhiteElo "2108"]
[BlackElo "2033"]
[PlyCount "55"]
[EventDate "2024.11.03"]
[EventType "team-tourn"]
[EventRounds "9"]
[EventCountry "HUN"]
[Source "chess.hu"]
[SourceDate "2024.11.04"]
[WhiteTeam "Decs 1990"]
[BlackTeam "Kalocsai SK"]
[WhiteTeamCountry "HUN"]
[BlackTeamCountry "HUN"]

1. d4 d6 2. Nf3 Bg4 3. e4 Nd7 4. Be2 Bh5 5. c4 Bg6 6. Nc3 e5 7. Be3 c6 8. d5
Be7 9. g4 Ngf6 10. Nd2 cxd5 11. cxd5 h6 12. h4 a6 13. a4 b6 14. b4 a5 15. bxa5
Rxa5 16. Bb5 Kf8 17. f3 Nc5 18. Nc4 Ra8 19. Bxc5 bxc5 20. a5 Ne8 21. h5 Bh7 22.
Nb6 Ra7 23. Bxe8 Kxe8 24. Qb3 f5 25. gxf5 Bh4+ 26. Ke2 Bg5 27. Nb5 Rb7 28. a6
1-0

[Event "NB2 Asztalos csoport"]
[Site "Kalocsa"]
[Date "2024.11.03"]
[Round "1.4"]
[White "Lukacs, Albert"]
[Black "Gal, Peter"]
[Result "0-1"]
[WhiteElo "1962"]
[BlackElo "2054"]
[PlyCount "52"]
[EventDate "2024.11.03"]
[EventType "team-tourn"]
[EventRounds "9"]
[EventCountry "HUN"]
[Source "chess.hu"]
[SourceDate "2024.11.04"]
[WhiteTeam "Kalocsai SK"]
[BlackTeam "Decs 1990"]
[WhiteTeamCountry "HUN"]
[BlackTeamCountry "HUN"]

1. e3 Nf6 2. d4 e6 3. Bd3 d5 4. Nf3 c6 5. O-O Nbd7 6. Nbd2 Be7 7. b3 O-O 8. Bb2
c5 9. dxc5 Bxc5 10. e4 dxe4 11. Bxe4 Nxe4 12. Nxe4 Be7 13. Qe2 b6 14. Rad1 Qc7
15. Nfg5 h6 16. Nf3 Bb7 17. Ng3 Bf6 18. Nd4 Rad8 19. Nh5 Qc5 20. f4 Rfe8 21.
Qg4 Be4 22. b4 Qf8 23. Nxf6+ Nxf6 24. Qg3 Qxb4 25. Ba3 Qa4 26. c3 Qxa3 0-1

[Event "NB2 Asztalos csoport"]
[Site "Kalocsa"]
[Date "2024.11.03"]
[Round "1.7"]
[White "Balazs, Imre"]
[Black "Matota, Kornel Dr"]
[Result "1/2-1/2"]
[WhiteElo "1998"]
[BlackElo "1936"]
[PlyCount "51"]
[EventDate "2024.11.03"]
[EventType "team-tourn"]
[EventRounds "9"]
[EventCountry "HUN"]
[Source "chess.hu"]
[SourceDate "2024.11.04"]
[WhiteTeam "Decs 1990"]
[BlackTeam "Kalocsai SK"]
[WhiteTeamCountry "HUN"]
[BlackTeamCountry "HUN"]

1. e4 e5 2. Nf3 Nf6 3. Nxe5 d6 4. Nf3 Nxe4 5. Nc3 Nxc3 6. dxc3 Be7 7. Be3 Be6
8. Qd2 c6 9. Bd3 Nd7 10. Nd4 O-O 11. O-O Ne5 12. Nxe6 fxe6 13. f4 Ng4 14. Rae1
Bh4 15. g3 Bf6 16. h3 Nxe3 17. Qxe3 e5 18. Qe4 g6 19. fxe5 Bxe5 20. Bc4+ Kh8
21. Rxf8+ Qxf8 22. Rf1 Qh6 23. Kg2 Rf8 24. Rxf8+ Qxf8 25. Qe3 b6 26. Qg5
1/2-1/2

[Event "NB2 Asztalos csoport"]
[Site "Kalocsa"]
[Date "2024.11.03"]
[Round "1.8"]
[White "Gangler, Zoltan Dr"]
[Black "Figler, Janos"]
[Result "0-1"]
[WhiteElo "1852"]
[BlackElo "1971"]
[PlyCount "66"]
[EventDate "2024.11.03"]
[EventType "team-tourn"]
[EventRounds "9"]
[EventCountry "HUN"]
[Source "chess.hu"]
[SourceDate "2024.11.04"]
[WhiteTeam "Kalocsai SK"]
[BlackTeam "Decs 1990"]
[WhiteTeamCountry "HUN"]
[BlackTeamCountry "HUN"]

1. Nf3 d5 2. g3 Nf6 3. Bg2 g6 4. O-O Bg7 5. d3 O-O 6. a3 c6 7. Nbd2 Bf5 8. c4
Qc8 9. Re1 Bh3 10. Bh1 Rd8 11. b4 Ne4 12. d4 Nxd2 13. Bxd2 dxc4 14. e3 Bg4 15.
Qc2 Be6 16. Bc3 Nd7 17. Ng5 Nf6 18. Nxe6 Qxe6 19. f3 b5 20. e4 Qd7 21. Rad1 Qc7
22. f4 Qb6 23. Bf3 Ne8 24. Kh1 Bxd4 25. Rxd4 Rxd4 26. e5 Rd3 27. Be4 Re3 28.
Rd1 Rd8 29. Rxd8 Qxd8 30. e6 Rxc3 31. exf7+ Kxf7 32. Qxc3 Qd1+ 33. Kg2 Qe2+ 0-1

[Event "NB2 Asztalos csoport"]
[Site "Kalocsa"]
[Date "2024.11.03"]
[Round "1.9"]
[White "Papp, Csaba Dr"]
[Black "Bartuszek, Andras"]
[Result "1-0"]
[WhiteElo "1998"]
[BlackElo "1805"]
[PlyCount "81"]
[EventDate "2024.11.03"]
[EventType "team-tourn"]
[EventRounds "9"]
[EventCountry "HUN"]
[Source "chess.hu"]
[SourceDate "2024.11.04"]
[WhiteTeam "Decs 1990"]
[BlackTeam "Kalocsai SK"]
[WhiteTeamCountry "HUN"]
[BlackTeamCountry "HUN"]

1. e4 c5 2. d4 cxd4 3. c3 d3 4. f4 d5 5. e5 Bf5 6. Bxd3 Bxd3 7. Qxd3 e6 8. Be3
Nh6 9. Nf3 Nc6 10. h3 Be7 11. O-O Nf5 12. Bf2 O-O 13. Nbd2 Rc8 14. Nb3 a6 15.
Rad1 b5 16. g4 Nh4 17. Bxh4 Bxh4 18. g5 Bg3 19. Qe3 Na5 20. Nbd2 Nc4 21. Nxc4
Rxc4 22. Rd4 h5 23. h4 Rxd4 24. cxd4 Qa5 25. a3 Rc8 26. Kg2 Rc2+ 27. Kxg3 Rxb2
28. g6 Qa4 29. gxf7+ Kxf7 30. f5 Qc2 31. fxe6+ Ke8 32. Rf2 Rb3 33. Rxc2 Rxe3
34. Rc7 Rxa3 35. Kf4 g6 36. e7 Rd3 37. e6 b4 38. Ng5 Rxd4+ 39. Ke5 Rc4 40. Rxc4
dxc4 41. Kd6 1-0

[Event "NB2 Asztalos csoport"]
[Site "Kalocsa"]
[Date "2024.11.03"]
[Round "1.10"]
[White "Kenyeres, Zsolt"]
[Black "Nagy, Norbert"]
[Result "0-1"]
[WhiteElo "1715"]
[BlackElo "1873"]
[PlyCount "78"]
[EventDate "2024.11.03"]
[EventType "team-tourn"]
[EventRounds "9"]
[EventCountry "HUN"]
[Source "chess.hu"]
[SourceDate "2024.11.04"]
[WhiteTeam "Kalocsai SK"]
[BlackTeam "Decs 1990"]
[WhiteTeamCountry "HUN"]
[BlackTeamCountry "HUN"]

1. d4 d5 2. c4 e6 3. Nf3 Nf6 4. Nc3 Bb4 5. Bg5 h6 6. Bd2 O-O 7. a3 Be7 8. e3 c5
9. Bd3 Nc6 10. O-O dxc4 11. Bxc4 cxd4 12. exd4 Nxd4 13. Nxd4 Qxd4 14. Be3 Qxc4
15. Rc1 Qg4 16. Qb3 Nd5 17. h3 Qf5 18. Nxd5 exd5 19. Rc7 Bd6 20. Rfc1 Qg6 21.
Qxd5 Rd8 22. Qf3 Bf5 23. R1c4 Bd3 24. Rg4 Qf5 25. Rc1 Qxf3 26. gxf3 h5 27. Rd4
Be5 28. Rb4 b6 29. Kg2 Rac8 30. f4 Rxc1 31. Bxc1 Bf6 32. Be3 Rd7 33. Kg3 h4+
34. Kg2 Kf8 35. Kf3 Bf1 36. Kg4 Be2+ 37. f3 Rd3 38. Re4 Bxb2 39. Kxh4 Bxf3 0-1

[Event "NB2 Asztalos csoport"]
[Site "Kalocsa"]
[Date "2024.11.03"]
[Round "1.11"]
[White "Lodi, Laszlo"]
[Black "Fekete, Antal"]
[Result "1-0"]
[WhiteElo "1852"]
[BlackElo "1602"]
[PlyCount "61"]
[EventDate "2024.11.03"]
[EventType "team-tourn"]
[EventRounds "9"]
[EventCountry "HUN"]
[Source "chess.hu"]
[SourceDate "2024.11.04"]
[WhiteTeam "Decs 1990"]
[BlackTeam "Kalocsai SK"]
[WhiteTeamCountry "HUN"]
[BlackTeamCountry "HUN"]

1. e4 c6 2. d4 d5 3. e5 c5 4. c3 Nc6 5. f4 e6 6. Nf3 Nge7 7. dxc5 Nf5 8. b4 a6
9. Bd3 g6 10. O-O Bg7 11. Qe2 O-O 12. Bb2 d4 13. Bxf5 dxc3 14. Bxc3 exf5 15. a3
Be6 16. Nbd2 b6 17. Rfd1 Qc7 18. Nf1 Bc4 19. Qc2 a5 20. Ne3 axb4 21. axb4 Be6
22. Ng5 Rxa1 23. Rxa1 Rd8 24. Nxe6 fxe6 25. Qe2 Nd4 26. Bxd4 Rxd4 27. Qb5 Rxf4
28. Ra8+ Bf8 29. Qe8 Qf7 30. c6 Qe7 31. Qxe7 1-0

[Event "NB2 Asztalos csoport"]
[Site "Kalocsa"]
[Date "2024.11.03"]
[Round "1.12"]
[White "Kiss, Jeremias"]
[Black "B.Garai, Etelka"]
[Result "0-1"]
[WhiteElo "1445"]
[BlackElo "1657"]
[PlyCount "70"]
[EventDate "2024.11.03"]
[EventType "team-tourn"]
[EventRounds "9"]
[EventCountry "HUN"]
[Source "chess.hu"]
[SourceDate "2024.11.04"]
[WhiteTeam "Kalocsai SK"]
[BlackTeam "Decs 1990"]
[WhiteTeamCountry "HUN"]
[BlackTeamCountry "HUN"]

1. d4 Nf6 2. Nf3 g6 3. c3 Bg7 4. g3 O-O 5. Bg2 d6 6. O-O Nbd7 7. Bg5 Qe8 8. Re1
e5 9. e4 Nh5 10. Nbd2 f5 11. Qb3+ Kh8 12. Qd5 Nb6 13. Qa5 h6 14. Bh4 g5 15.
Bxg5 hxg5 16. Nxg5 Qa4 17. Qxa4 Nxa4 18. Rab1 exd4 19. cxd4 Bxd4 20. exf5 Bxf5
21. Be4 Bxf2+ 22. Kxf2 Bxe4+ 23. Kg1 Bxb1 24. Rxb1 d5 25. b3 Nc5 26. Re1 Rae8
27. Rc1 Ne6 28. Ngf3 c5 29. Kg2 Nf6 30. Ne5 Kh7 31. Ndf3 Ne4 32. g4 Nf4+ 33.
Kf1 Nd2+ 34. Kf2 Nxf3 35. Nxf3 Ne6 0-1

[Event "NB2 Asztalos csoport"]
[Site "Baja"]
[Date "2024.11.03"]
[Round "1.1"]
[White "Meszaros, Gyula"]
[Black "Nemeth, Antal"]
[Result "1/2-1/2"]
[WhiteElo "2299"]
[BlackElo "2190"]
[PlyCount "28"]
[EventDate "2024.11.03"]
[EventType "team-tourn"]
[EventRounds "9"]
[EventCountry "HUN"]
[Source "chess.hu"]
[SourceDate "2024.11.04"]
[WhiteTeam "Szentlorinc SE"]
[BlackTeam "Bajai SSC"]
[WhiteTeamCountry "HUN"]
[BlackTeamCountry "HUN"]

1. d4 d5 2. c4 c6 3. Nf3 Nf6 4. g3 g6 5. Bg2 Bg7 6. O-O O-O 7. cxd5 cxd5 8. Nc3
Nc6 9. Ne5 Bd7 10. Bg5 Be8 11. Bxf6 Bxf6 12. Nxd5 Bg7 13. e3 Nxe5 14. dxe5 Bxe5
1/2-1/2

[Event "NB2 Asztalos csoport"]
[Site "Baja"]
[Date "2024.11.03"]
[Round "1.2"]
[White "Barta, Sandor"]
[Black "Wolosz, Janos"]
[Result "0-1"]
[WhiteElo "2090"]
[BlackElo "2138"]
[PlyCount "80"]
[EventDate "2024.11.03"]
[EventType "team-tourn"]
[EventRounds "9"]
[EventCountry "HUN"]
[Source "chess.hu"]
[SourceDate "2024.11.04"]
[WhiteTeam "Bajai SSC"]
[BlackTeam "Szentlorinc SE"]
[WhiteTeamCountry "HUN"]
[BlackTeamCountry "HUN"]

1. e4 e5 2. Nf3 Nc6 3. Bc4 Bc5 4. c3 Nf6 5. d3 d6 6. b4 Bb6 7. a4 a5 8. b5 Ne7
9. h3 Ng6 10. Ra2 O-O 11. Re2 c6 12. Be3 d5 13. exd5 cxd5 14. Bb3 Bxe3 15. fxe3
e4 16. dxe4 Nxe4 17. Bxd5 Ng3 18. Rd2 Qe7 19. Kf2 Nxh1+ 20. Qxh1 Be6 21. c4
Rfe8 22. Nc3 Qa3 23. Rc2 Bxd5 24. Nxd5 Rad8 25. Qe1 Qxa4 26. Qc3 Ne7 27. Nc7
Rf8 28. Nd4 Rd7 29. b6 Rfd8 30. Rc1 Rd6 31. Ra1 Qd7 32. c5 Rf6+ 33. Kg1 Nc6 34.
Nxc6 Qxc6 35. Qxa5 h6 36. Qc3 Rg6 37. Qc2 Rd3 38. Ra8+ Kh7 39. Re8 Rc3 40. Qd2
Rxc5 0-1

[Event "NB2 Asztalos csoport"]
[Site "Baja"]
[Date "2024.11.03"]
[Round "1.3"]
[White "Bene, Zoltan"]
[Black "Balint, Richard"]
[Result "1/2-1/2"]
[WhiteElo "2142"]
[BlackElo "2081"]
[PlyCount "103"]
[EventDate "2024.11.03"]
[EventType "team-tourn"]
[EventRounds "9"]
[EventCountry "HUN"]
[Source "chess.hu"]
[SourceDate "2024.11.04"]
[WhiteTeam "Szentlorinc SE"]
[BlackTeam "Bajai SSC"]
[WhiteTeamCountry "HUN"]
[BlackTeamCountry "HUN"]

1. c4 Nf6 2. Nf3 c5 3. Nc3 Nc6 4. g3 e6 5. Bg2 d5 6. cxd5 exd5 7. d4 h6 8. O-O
Be6 9. Qa4 Be7 10. dxc5 Bxc5 11. Ne5 Rc8 12. Nd3 Bb6 13. Bf4 O-O 14. Rad1 Nd4
15. Rd2 Rc4 16. Qd1 Nc6 17. e4 dxe4 18. Nc5 Qc8 19. N5xe4 Nxe4 20. Nxe4 Rd4 21.
Rxd4 Nxd4 22. Nc3 Rd8 23. Qb1 Bh3 24. Bxh3 Qxh3 25. Qe4 Qd7 26. Re1 Qg4 27. Kg2
Nc6 28. h3 Qh5 29. Be3 Ba5 30. g4 Qh4 31. Rc1 Qf6 32. a3 Bxc3 33. Rxc3 Qd6 34.
Rb3 Qd7 35. g5 Re8 36. Qf3 hxg5 37. Bxa7 Qc8 38. Rc3 Qd7 39. Rd3 Qc7 40. Bd4
Nxd4 41. Rxd4 Re1 42. Qd3 Qc6+ 43. f3 g6 44. Rd8+ Kh7 45. Rd7 Qe6 46. Rxb7 Re2+
47. Kf1 Rh2 48. Qe4 Qxh3+ 49. Ke1 Qg2 50. Rxf7+ Kh6 51. Rh7+ Kxh7 52. Qe7+
1/2-1/2

[Event "NB2 Asztalos csoport"]
[Site "Baja"]
[Date "2024.11.03"]
[Round "1.4"]
[White "Follardt, Lorinc"]
[Black "Tompos, Antal"]
[Result "0-1"]
[WhiteElo "1992"]
[BlackElo "2153"]
[PlyCount "120"]
[EventDate "2024.11.03"]
[EventType "team-tourn"]
[EventRounds "9"]
[EventCountry "HUN"]
[Source "chess.hu"]
[SourceDate "2024.11.04"]
[WhiteTeam "Bajai SSC"]
[BlackTeam "Szentlorinc SE"]
[WhiteTeamCountry "HUN"]
[BlackTeamCountry "HUN"]

1. e4 c5 2. Nf3 d6 3. d4 cxd4 4. Nxd4 Nf6 5. Nc3 a6 6. Bg5 e6 7. f4 h6 8. Bxf6
Qxf6 9. Qd2 Bd7 10. Be2 Nc6 11. Rd1 Nxd4 12. Qxd4 Qxf4 13. g3 Qf6 14. Qe3 Bc6
15. Nd5 exd5 16. exd5+ Qe7 17. Qxe7+ Bxe7 18. dxc6 bxc6 19. Rf1 O-O 20. Rf3
Rab8 21. b3 Rfd8 22. Bc4 Bf6 23. h3 a5 24. Kf2 d5 25. Bf1 a4 26. Re3 axb3 27.
axb3 Rb4 28. Red3 c5 29. Kf3 d4 30. Re1 Kf8 31. Rdd1 Rbb8 32. Ra1 d3 33. Ra2
dxc2 34. Rxc2 Rxb3+ 35. Re3 Rxe3+ 36. Kxe3 Bd4+ 37. Ke4 g6 38. g4 Ke7 39. Ra2
Kf6 40. Ra6+ Kg5 41. Bc4 Re8+ 42. Kf3 Re3+ 43. Kg2 f6 44. Rd6 Be5 45. Rd3 Re2+
46. Kf3 Rc2 47. Bb3 Rh2 48. Ke4 Kh4 49. Be6 g5 50. Rd7 Kxh3 51. Kf3 Bd4 52. Rh7
Rf2+ 53. Ke4 Re2+ 54. Kd5 Rxe6 55. Kxe6 Kxg4 56. Rxh6 f5 57. Kd5 Kf4 58. Kc4 g4
59. Kd3 Kf3 60. Kd2 g3 0-1

[Event "NB2 Asztalos csoport"]
[Site "Baja"]
[Date "2024.11.03"]
[Round "1.5"]
[White "Kohalmi, Endre Jr"]
[Black "Darazs, Zoltan"]
[Result "0-1"]
[WhiteElo "2018"]
[BlackElo "2038"]
[PlyCount "148"]
[EventDate "2024.11.03"]
[EventType "team-tourn"]
[EventRounds "9"]
[EventCountry "HUN"]
[Source "chess.hu"]
[SourceDate "2024.11.04"]
[WhiteTeam "Szentlorinc SE"]
[BlackTeam "Bajai SSC"]
[WhiteTeamCountry "HUN"]
[BlackTeamCountry "HUN"]

1. d4 Nf6 2. Nf3 d5 3. Bf4 c6 4. e3 Bf5 5. Nc3 Nbd7 6. Bd3 e6 7. Ne5 Bb4 8. O-O
O-O 9. a3 Bxd3 10. cxd3 Bxc3 11. bxc3 c5 12. Rb1 Qc8 13. Qb3 b6 14. h3 Qa6 15.
c4 Nxe5 16. Bxe5 dxc4 17. dxc4 cxd4 18. exd4 Nd7 19. Bg3 Rac8 20. Rbc1 Rfd8 21.
Rfd1 h6 22. Rc3 Nf6 23. Qc2 Qb7 24. f3 b5 25. c5 Nd5 26. Rb3 Qc6 27. Qb1 a6 28.
Qa1 Rd7 29. Bd6 Ne7 30. g4 Rxd6 31. cxd6 Qxd6 32. Qb2 Ng6 33. f4 Nxf4 34. Qf2
g5 35. Re3 Rc4 36. Rf3 Qc6 37. d5 exd5 38. Qb2 Rc2 39. Qe5 Rg2+ 40. Kh1 Qc2 41.
Qe8+ Kg7 42. Qe5+ Kh7 43. Qf5+ Qxf5 44. gxf5 Rc2 45. h4 Kg7 46. f6+ Kg6 47.
Rxf4 gxf4 48. Rxd5 Rc3 49. h5+ Kh7 50. Rd7 Rh3+ 51. Kg2 Rxh5 52. Rxf7+ Kg6 53.
Ra7 Kxf6 54. Rxa6+ Kf5 55. Kf2 Rh2+ 56. Kg1 Ra2 57. Rxh6 Kg4 58. Rb6 Kg3 59.
Rg6+ Kf3 60. Rb6 Rg2+ 61. Kh1 Rg5 62. Rc6 Ke2 63. Rc2+ Kd3 64. Rf2 Ke3 65. Rb2
f3 66. Rb3+ Kf2 67. Rb2+ Kg3 68. Kg1 Rc5 69. Rb1 Rc3 70. Ra1 Rc2 71. a4 Rf2 72.
Ra3 b4 73. Rb3 Ra2 74. Rb1 b3 0-1

[Event "NB2 Asztalos csoport"]
[Site "Baja"]
[Date "2024.11.03"]
[Round "1.6"]
[White "Arato, Bela"]
[Black "Horvath, Gergely"]
[Result "0-1"]
[WhiteElo "2041"]
[BlackElo "1951"]
[PlyCount "58"]
[EventDate "2024.11.03"]
[EventType "team-tourn"]
[EventRounds "9"]
[EventCountry "HUN"]
[Source "chess.hu"]
[SourceDate "2024.11.04"]
[WhiteTeam "Bajai SSC"]
[BlackTeam "Szentlorinc SE"]
[WhiteTeamCountry "HUN"]
[BlackTeamCountry "HUN"]

1. e4 e6 2. d4 d5 3. Nc3 Nf6 4. Bg5 Bb4 5. e5 h6 6. exf6 hxg5 7. fxg7 Rg8 8.
Qh5 Qf6 9. Nf3 Qxg7 10. h4 gxh4 11. Rxh4 Nd7 12. Ne5 Nxe5 13. dxe5 Ba5 14.
O-O-O Bd7 15. Rf4 Qg6 16. Qf3 Bc6 17. g3 O-O-O 18. Bd3 Qg5 19. Kb1 Qxe5 20. Nb5
Bb6 21. Rxf7 d4 22. Qe2 Qxe2 23. Bxe2 e5 24. Re7 e4 25. Bc4 Rgf8 26. c3 d3 27.
f4 exf3 28. Rxd3 Rxd3 29. Bxd3 f2 0-1

[Event "NB2 Asztalos csoport"]
[Site "Baja"]
[Date "2024.11.03"]
[Round "1.7"]
[White "Jerant, Gyorgy"]
[Black "Javor, Sandor"]
[Result "1/2-1/2"]
[WhiteElo "1948"]
[BlackElo "2081"]
[PlyCount "39"]
[EventDate "2024.11.03"]
[EventType "team-tourn"]
[EventRounds "9"]
[EventCountry "HUN"]
[Source "chess.hu"]
[SourceDate "2024.11.04"]
[WhiteTeam "Szentlorinc SE"]
[BlackTeam "Bajai SSC"]
[WhiteTeamCountry "HUN"]
[BlackTeamCountry "HUN"]

1. e4 g6 2. d4 Bg7 3. Be3 d6 4. c4 Nf6 5. f3 O-O 6. Bd3 e5 7. Ne2 b6 8. Nbc3 c5
9. d5 Ne8 10. O-O f5 11. f4 fxe4 12. Bxe4 Nf6 13. fxe5 Nxe4 14. Rxf8+ Qxf8 15.
Nxe4 Bxe5 16. Qd2 Bf5 17. Rf1 Qe7 18. N4g3 Bg4 19. Bg5 Qe8 20. h3 1/2-1/2

[Event "NB2 Asztalos csoport"]
[Site "Baja"]
[Date "2024.11.03"]
[Round "1.8"]
[White "Kelemen, Aron"]
[Black "Konya, Attila"]
[Result "0-1"]
[WhiteElo "1945"]
[BlackElo "1869"]
[PlyCount "44"]
[EventDate "2024.11.03"]
[EventType "team-tourn"]
[EventRounds "9"]
[EventCountry "HUN"]
[Source "chess.hu"]
[SourceDate "2024.11.04"]
[WhiteTeam "Bajai SSC"]
[BlackTeam "Szentlorinc SE"]
[WhiteTeamCountry "HUN"]
[BlackTeamCountry "HUN"]

1. d4 Nf6 2. c4 g6 3. Nc3 d5 4. Nf3 Bg7 5. Bf4 O-O 6. e3 c5 7. Be2 Nc6 8. dxc5
Qa5 9. O-O dxc4 10. Bxc4 Qxc5 11. Be2 e5 12. Bg5 e4 13. Bxf6 exf3 14. Bxf3 Bxf6
15. Nd5 Bxb2 16. Rb1 Be5 17. Qe2 Be6 18. Rb5 Qd6 19. Rd1 Bxd5 20. Rdxd5 Qe7 21.
Rdc5 Rac8 22. g3 a6 0-1

[Event "NB2 Asztalos csoport"]
[Site "Baja"]
[Date "2024.11.03"]
[Round "1.9"]
[White "Peregi, Zsolt"]
[Black "Baki, Bence"]
[Result "0-1"]
[WhiteElo "1963"]
[BlackElo "1919"]
[PlyCount "62"]
[EventDate "2024.11.03"]
[EventType "team-tourn"]
[EventRounds "9"]
[EventCountry "HUN"]
[Source "chess.hu"]
[SourceDate "2024.11.04"]
[WhiteTeam "Szentlorinc SE"]
[BlackTeam "Bajai SSC"]
[WhiteTeamCountry "HUN"]
[BlackTeamCountry "HUN"]

1. e4 e5 2. Nf3 Nc6 3. Bb5 a6 4. Ba4 Nf6 5. O-O Be7 6. Re1 b5 7. Bb3 O-O 8. d4
d6 9. dxe5 Nxe5 10. Nxe5 dxe5 11. Bg5 Bb7 12. Nd2 h6 13. Bh4 c5 14. c4 Kh8 15.
cxb5 axb5 16. Qe2 Qb6 17. Nf3 c4 18. Bc2 Qe6 19. Red1 Rfd8 20. a3 Bc6 21. Bg3
Nd7 22. Nh4 Bxh4 23. Bxh4 Nf6 24. h3 Rd4 25. Bxf6 Qxf6 26. f3 Rad8 27. Rxd4
exd4 28. Bd1 c3 29. e5 Qg6 30. bxc3 dxc3 31. Ra2 Qb1 0-1

[Event "NB2 Asztalos csoport"]
[Site "Baja"]
[Date "2024.11.03"]
[Round "1.10"]
[White "Busa, Tamas"]
[Black "Wolosz, Robert"]
[Result "1/2-1/2"]
[WhiteElo "1822"]
[BlackElo "1832"]
[PlyCount "122"]
[EventDate "2024.11.03"]
[EventType "team-tourn"]
[EventRounds "9"]
[EventCountry "HUN"]
[Source "chess.hu"]
[SourceDate "2024.11.04"]
[WhiteTeam "Bajai SSC"]
[BlackTeam "Szentlorinc SE"]
[WhiteTeamCountry "HUN"]
[BlackTeamCountry "HUN"]

1. c4 c5 2. Nc3 Nc6 3. d3 Nf6 4. e4 e6 5. Bf4 d6 6. Nf3 a6 7. Qd2 Be7 8. Be2
O-O 9. O-O d5 10. e5 Nh5 11. Rad1 Nxf4 12. Qxf4 f5 13. cxd5 exd5 14. d4 c4 15.
Qc1 g5 16. Nxd5 Be6 17. Nxe7+ Qxe7 18. Qxg5+ Qxg5 19. Nxg5 Bd5 20. f4 Rad8 21.
Bf3 h6 22. Bxd5+ Rxd5 23. Ne6 Rf7 24. g4 Nb4 25. b3 c3 26. a3 Nc2 27. Rd3 Nxa3
28. Rxc3 Nb5 29. Rg3 Nxd4 30. gxf5+ Kh8 31. Nxd4 Rxd4 32. f6 Re4 33. Rg4 Rc7
34. Rd1 Re2 35. Rd8+ Kh7 36. Rg7+ Rxg7+ 37. fxg7 Kxg7 38. Rd7+ Kg6 39. Rxb7 Kf5
40. Rf7+ Kg4 41. Kf1 Kf3 42. Rf6 Rxh2 43. Ke1 Re2+ 44. Kd1 h5 45. Rxa6 h4 46.
Rh6 Re4 47. Rxh4 Kg3 48. Rh5 Kxf4 49. Kc2 Re3 50. b4 Rxe5 51. Rxe5 Kxe5 52. Kb3
Kd6 53. Ka4 Kc6 54. Ka5 Kb7 55. Kb5 Ka7 56. Kc6 Kb8 57. Kb6 Ka8 58. Kc7 Ka7 59.
b5 Ka8 60. Kc6 Kb8 61. b6 Kc8 1/2-1/2

[Event "NB2 Asztalos csoport"]
[Site "Baja"]
[Date "2024.11.03"]
[Round "1.11"]
[White "Csoszi, Csenge"]
[Black "Jaeger, Laszlo"]
[Result "1/2-1/2"]
[WhiteElo "1785"]
[BlackElo "1865"]
[PlyCount "44"]
[EventDate "2024.11.03"]
[EventType "team-tourn"]
[EventRounds "9"]
[EventCountry "HUN"]
[Source "chess.hu"]
[SourceDate "2024.11.04"]
[WhiteTeam "Szentlorinc SE"]
[BlackTeam "Bajai SSC"]
[WhiteTeamCountry "HUN"]
[BlackTeamCountry "HUN"]

1. e4 c5 2. Nf3 Nc6 3. d4 cxd4 4. Nxd4 g6 5. Be3 Nf6 6. f3 Bg7 7. Bc4 Nxd4 8.
Bxd4 d6 9. O-O O-O 10. Nc3 Be6 11. Bb3 Nd7 12. Bxg7 Kxg7 13. Qd4+ Kg8 14. f4
Qb6 15. Qxb6 Nxb6 16. f5 Bxb3 17. axb3 f6 18. Nb5 a6 19. Nd4 Rfc8 20. c3 Nd7
21. Rad1 Ne5 22. h3 Kf7 1/2-1/2

[Event "NB2 Asztalos csoport"]
[Site "Baja"]
[Date "2024.11.03"]
[Round "1.12"]
[White "Rekasi, Zsolt"]
[Black "Antal, Daniel"]
[Result "0-1"]
[WhiteElo "1755"]
[BlackElo "1595"]
[PlyCount "90"]
[EventDate "2024.11.03"]
[EventType "team-tourn"]
[EventRounds "9"]
[EventCountry "HUN"]
[Source "chess.hu"]
[SourceDate "2024.11.04"]
[WhiteTeam "Bajai SSC"]
[BlackTeam "Szentlorinc SE"]
[WhiteTeamCountry "HUN"]
[BlackTeamCountry "HUN"]

1. e4 e6 2. d4 d5 3. Nc3 Nf6 4. e5 Nfd7 5. Nf3 c5 6. Be3 Nc6 7. dxc5 Bxc5 8.
Bxc5 Nxc5 9. Bb5 O-O 10. O-O Qb6 11. b3 a6 12. Bxc6 bxc6 13. Qd4 Nd7 14. Qd3 f6
15. Na4 Qa7 16. Qe2 a5 17. exf6 Nxf6 18. c4 Re8 19. Ne5 Bd7 20. Kh1 c5 21. Nxd7
Nxd7 22. Nc3 d4 23. Nb5 Qb6 24. Qe4 Kh8 25. f4 Rad8 26. Rad1 Nf6 27. Qf3 e5 28.
fxe5 Rxe5 29. Rde1 Qb8 30. Qg3 Rde8 31. Rxe5 Qxe5 32. Qf2 Qe2 33. Kg1 Qxf2+ 34.
Kxf2 Ne4+ 35. Kg1 d3 36. Nc7 Rd8 37. Nd5 d2 38. Rd1 Re8 39. Nc7 Re7 40. Nd5 Rf7
41. g3 Rf2 42. Nf4 g5 43. Nd3 Re2 44. Rf1 Nc3 45. Nb2 Re1 0-1

[Event "NB2 Asztalos csoport"]
[Site "Komlo"]
[Date "2024.11.03"]
[Round "1.1"]
[White "Janoshalmi, Attila"]
[Black "Berczi, Peter"]
[Result "0-1"]
[WhiteElo "2204"]
[BlackElo "2074"]
[PlyCount "46"]
[EventDate "2024.11.03"]
[EventType "team-tourn"]
[EventRounds "9"]
[EventCountry "HUN"]
[Source "chess.hu"]
[SourceDate "2024.11.04"]
[WhiteTeam "MartonVal-Kiralysakk"]
[BlackTeam "Komloi BSK II."]
[WhiteTeamCountry "HUN"]
[BlackTeamCountry "HUN"]

1. d4 c5 2. d5 Nf6 3. c4 b5 4. cxb5 a6 5. b6 e6 6. Nc3 Nxd5 7. Nxd5 exd5 8.
Qxd5 Nc6 9. Nf3 Rb8 10. Ne5 Qf6 11. Nxc6 dxc6 12. Qe4+ Be7 13. Qf4 Rxb6 14. Qc7
Bd8 15. Qxc8 O-O 16. Rb1 Qg6 17. Ra1 Rxb2 18. Qxa6 Rb5 19. f3 Qf6 20. Bb2 Qxb2
21. Rd1 Bb6 22. a4 Qc3+ 23. Kf2 c4+ 0-1